[Event "AUT-chT (Women) 1617"]
[Site "Austria"]
[Date "2017.01.15"]
[Round "2.3"]
[White "Mayrhuber, Nikola"]
[Black "Unger, Eva"]
[Result "1-0"]
[WhiteElo "2062"]
[BlackElo "1757"]
[PlyCount "107"]
[EventDate "2017.01.14"]
[EventType "team-tourn"]
[EventRounds "11"]
[EventCountry "AUT"]
[SourceTitle "EXT 2018"]
[Source "ChessBase"]
[SourceDate "2017.10.13"]
[SourceVersion "1"]
[SourceVersionDate "2017.10.13"]
[SourceQuality "1"]
[WhiteTeam "Mayrhofen/Zillertal (W)"]
[BlackTeam "Wulkaprodersdorf (W)"]
[WhiteTeamCountry "AUT"]
[BlackTeamCountry "AUT"]

1. d4 d6 2. c4 Nf6 3. Nf3 g6 4. Nc3 Bg7 5. e4 0-0 6. Be2 c6 7. 0-0 Qc7 8. Qc2 Nbd7 9. h3 e5 10. dxe5 dxe5 11. Be3 Nh5 12. Qd2 Nf4 13. Rfd1 Nxe2+ 14. Nxe2 Nf6 15. Ng3 Be6 16. Bh6 Bxc4 17. Bxg7 Kxg7 18. Qg5 Rfe8 19. Nf5+ Kg8 20. Nd6 Re6 21. Nxc4 Nxe4 22. Qh4 f5 23. Ncxe5 Rxe5 24. Nxe5 Qxe5 25. Rd8+ Rxd8 26. Qxd8+ Kf7 27. Rd1 Nf6 28. Qd2 Nd5 29. Re1 Qd6 30. Qe2 Nf6 31. Qc4+ Nd5 32. Qh4 Kg7 33. Qd4+ Kh6 34. Qd2+ Kg7 35. Qd3 a6 36. Qb3 b5 37. Qd1 a5 38. Qd4+ Kh6 39. Qh4+ Kg7 40. Qd4+ Kh6 41. Qd2+ Kg7 42. Qxa5 Kh6 43. Qd2+ Kg7 44. Re8 Qc5 45. Qe1 Qd4 46. Qc1 c5 47. Rd8 c4 48. Rd7+ Kf6 49. Qh6 Qf4 50. Qf8+ Kg5 51. Qd8+ Nf6 52. Rd4 Qc1+ 53. Kh2 Qxb2 54. h4+ 1-0

[Event "EU-chT Seniors"]
[Site "Vienna"]
[Date "2015.07.14"]
[Round "3.12"]
[White "Welz, Peter"]
[Black "Unger, Eva"]
[Result "1-0"]
[WhiteElo "2005"]
[BlackElo "1779"]
[PlyCount "117"]
[EventDate "2015.07.12"]
[EventType "team-swiss"]
[EventRounds "9"]
[EventCountry "AUT"]
[SourceTitle "EXT 2018"]
[Source "ChessBase"]
[SourceDate "2017.10.13"]
[SourceVersion "1"]
[SourceVersionDate "2017.10.13"]
[SourceQuality "1"]
[WhiteTeam "DSW DBAG"]
[BlackTeam "Austria (W)"]
[WhiteTeamCountry "GER"]
[BlackTeamCountry "AUT"]

1. e4 d6 2. d4 Nf6 3. Nc3 g6 4. f4 Bg7 5. Nf3 c6 6. Bd3 Nbd7 7. e5 dxe5 8. fxe5 Nd5 9. Nxd5 cxd5 10. 0-0 Qb6 11. Kh1 0-0 12. c3 f6 13. exf6 exf6 14. Qe2 Qd6 15. b3 f5 16. a4 Rf6 17. Ba3 Qe6 18. Rae1 Nf8 19. Qf2 Qc6 20. c4 Kh8 21. cxd5 Qxd5 22. Bc4 Qd8 23. Be7 Qb6 24. Bxf6 Bxf6 25. Re8 Kg7 26. Rfe1 Qd6 27. d5 b6 28. Qe3 Rb8 29. Nd4 Bd7 30. Rxb8 Qxb8 31. Ne6+ Kh8 32. Bb5 Bxb5 33. axb5 Nd7 34. Ng5 Ne5 35. Nf3 Ng4 36. Qe8+ Qxe8 37. Rxe8+ Kg7 38. d6 Nf2+ 39. Kg1 Ne4 40. d7 Nd6 41. d8Q Bxd8 42. Rxd8 Nxb5 43. h4 h6 44. Nd4 Nc3 45. Rd7+ Kf6 46. Rxa7 Ke5 47. Nf3+ Kf4 48. Rg7 g5 49. hxg5 hxg5 50. Rxg5 Ne4 51. Rg6 b5 52. Rb6 Nc3 53. Nd4 Ke4 54. Nxb5 Nd5 55. Rb8 f4 56. Nd6+ Kd3 57. Kf2 Kc3 58. Kf3 Nb4 59. Rxb4 1-0

[Event "Lienz op 17th"]
[Site "Lienz"]
[Date "2013.02.10"]
[Round "3"]
[White "Walkner, Karl"]
[Black "Unger, Eva"]
[Result "1/2-1/2"]
[WhiteElo "1980"]
[BlackElo "1794"]
[PlyCount "114"]
[EventDate "2013.02.09"]
[EventType "swiss"]
[EventRounds "9"]
[EventCountry "AUT"]
[SourceTitle "CBM 152 Extra"]
[Source "ChessBase"]
[SourceDate "2013.02.25"]
[SourceVersion "1"]
[SourceVersionDate "2013.02.25"]
[SourceQuality "1"]

1. e4 d6 2. d4 g6 3. Nf3 Bg7 4. Nc3 Nf6 5. Be2 0-0 6. h3 c6 7. Be3 Qa5 8. 0-0 Nbd7 9. Qd2 Re8 10. Rfe1 e5 11. d5 cxd5 12. Nxd5 Qxd2 13. Nxf6+ Nxf6 14. Nxd2 d5 15. exd5 Nxd5 16. Bc5 Be6 17. c4 Nf4 18. Bf3 Rad8 19. Ne4 Nd3 20. Bxa7 Nxe1 21. Rxe1 Bxc4 22. Bb6 Bxa2 23. Bxd8 Rxd8 24. Nc3 Be6 25. Bxb7 Rb8 26. Bd5 Bxd5 27. Nxd5 Rxb2 28. Rc1 Rb8 29. Rc7 Kf8 30. g3 e4 31. Kg2 Re8 32. Rd7 Be5 33. f4 exf3+ 34. Kxf3 h6 35. h4 Kg7 36. Nc7 Bxc7 37. Rxc7 h5 38. Rb7 Re6 39. Rc7 Rf6+ 40. Kg2 Re6 41. Kf2 Re5 42. Rc6 Rf5+ 43. Kg2 g5 44. hxg5 Rxg5 45. Kf3 f6 46. Rc4 Rf5+ 47. Kg2 Kh6 48. Rc8 Kg7 49. Rb8 Rg5 50. Kf3 Rf5+ 51. Kg2 Rg5 52. Kf3 Rg6 53. Kf4 Rg4+ 54. Kf5 Rg5+ 55. Kf4 Rg4+ 56. Kf5 Rg5+ 57. Kf4 Rg4+ 1/2-1/2

[Event "AUT-ch (Women)"]
[Site "Hartberg"]
[Date "2004.07.30"]
[Round "7"]
[White "Prager, Andrea"]
[Black "Unger, Eva"]
[Result "0-1"]
[WhiteElo "1454"]
[BlackElo "2061"]
[PlyCount "74"]
[EventDate "2004.07.??"]
[EventType "swiss"]
[EventRounds "9"]
[EventCountry "AUT"]
[SourceTitle "CBM 101 Extra"]
[Source "ChessBase"]
[SourceDate "2004.09.01"]
[SourceVersion "2"]
[SourceVersionDate "2004.09.01"]
[SourceQuality "1"]

1. Nf3 d6 2. g3 e5 3. Bg2 f5 4. d3 Nf6 5. 0-0 Be7 6. c4 c6 7. Nc3 0-0 8. b4 Nbd7 9. Qb3 Kh8 10. Ng5 Nb8 11. c5 d5 12. e4 h6 13. Nh3 fxe4 14. dxe4 d4 15. Na4 b6 16. f4 Nxe4 17. fxe5 bxc5 18. Nf4 Bf5 19. Re1 Ng5 20. bxc5 Qc8 21. h4 Ne6 22. Be4 Nxc5 23. Nxc5 Bxc5 24. e6 Bxe4 25. Rxe4 Re8 26. Kg2 Na6 27. Bb2 Rb8 28. Qc2 Qb7 29. Bxd4 Bxd4 30. Rxd4 c5+ 31. Rd5 Rxe6 32. Rad1 Nb4 33. Qf5 Nxd5 34. Rxd5 Rf6 35. Qd3 Rxf4 36. gxf4 Rd8 37. Qb3 Qxd5+ 0-1

[Event "AUT-ch (Women)"]
[Site "Hartberg"]
[Date "2004.07.24"]
[Round "1"]
[White "Unger, Eva"]
[Black "Klinger, Michaela"]
[Result "1/2-1/2"]
[WhiteElo "2061"]
[BlackElo "1698"]
[PlyCount "144"]
[EventDate "2004.07.??"]
[EventType "swiss"]
[EventRounds "9"]
[EventCountry "AUT"]
[SourceTitle "CBM 101 Extra"]
[Source "ChessBase"]
[SourceDate "2004.09.01"]
[SourceVersion "2"]
[SourceVersionDate "2004.09.01"]
[SourceQuality "1"]

1. d4 Nf6 2. c4 e5 3. d5 Bb4+ 4. Bd2 Bxd2+ 5. Nxd2 d6 6. e4 Nbd7 7. Qc2 0-0 8. Ngf3 c5 9. g3 a6 10. Bg2 b5 11. 0-0 Nb6 12. b3 Bd7 13. Nh4 Qc7 14. Nf5 Rfe8 15. Ne3 Rab8 16. Qd1 bxc4 17. Ndxc4 Nxc4 18. Nxc4 Bb5 19. Rc1 Rb7 20. Re1 Bxc4 21. Rxc4 Reb8 22. f4 Nd7 23. Bf1 a5 24. Qg4 Rb4 25. Rc2 Qa7 26. Bc4 a4 27. Kg2 axb3 28. axb3 Re8 29. Qe2 Ra8 30. Rf1 f6 31. h4 Nb6 32. fxe5 fxe5 33. Qf3 Nxc4 34. bxc4 Ra4 35. Qf5 Qe7 36. Rd1 Re8 37. Rb1 Ra6 38. Rcb2 g6 39. Qg4 Ra7 40. Rb6 Kg7 41. R6b2 h5 42. Qg5 Qxg5 43. hxg5 Rf7 44. Rb6 Rd8 45. R1b2 Rdd7 46. Rc6 Rf8 47. Rcb6 Rff7 48. Rb8 Rf8 49. R2b7 Rxb7 50. Rxb7+ Rf7 51. Rb8 Ra7 52. Rb6 Rd7 53. Rb8 Ra7 54. Rd8 Ra6 55. Rd7+ Kf8 56. Rb7 Ra4 57. Rd7 Rxc4 58. Rxd6 Rxe4 59. Rxg6 Rd4 60. d6 c4 61. Rf6+ Kg7 62. Re6 c3 63. Rxe5 Rxd6 64. Rc5 Kg6 65. Rxc3 Rd5 66. Kh3 Kxg5 67. Rc8 Rd4 68. Rc5+ Kg6 69. Re5 Rg4 70. Re8 Rd4 71. Rg8+ Kf5 72. Rh8 Kg5 1/2-1/2

[Event "Oberwart op"]
[Site "Oberwart"]
[Date "2002.07.05"]
[Round "1"]
[White "Unger, Eva"]
[Black "Cvitan, Ognjen"]
[Result "0-1"]
[WhiteElo "2074"]
[BlackElo "2574"]
[PlyCount "52"]
[EventDate "2002.07.05"]
[EventType "swiss"]
[EventRounds "9"]
[EventCountry "AUT"]
[SourceTitle "CBM 089 Extra"]
[Source "ChessBase"]
[SourceDate "2002.09.10"]
[SourceVersion "2"]
[SourceVersionDate "2002.09.10"]
[SourceQuality "1"]

1. d4 Nf6 2. c4 e6 3. Nc3 Bb4 4. Qc2 0-0 5. Nf3 c5 6. e3 d5 7. a3 Bxc3+ 8. bxc3 Nbd7 9. cxd5 exd5 10. c4 b6 11. cxd5 Bb7 12. dxc5 Nxc5 13. Bb2 Rc8 14. Qf5 Qxd5 15. Qxd5 Nxd5 16. Be2 Nb3 17. Rd1 Rc2 18. Be5 Rfc8 19. Bd3 Ra2 20. e4 Nc1 21. 0-0 Nxd3 22. exd5 Rxa3 23. Ra1 Rxa1 24. Rxa1 Bxd5 25. Bd4 Bxf3 26. gxf3 Rc1+ 0-1

[Event "EU-chT (Women)"]
[Site "Leon"]
[Date "2001.11.08"]
[Round "3.2"]
[White "Unger, Eva"]
[Black "Puuska, Heini"]
[Result "0-1"]
[WhiteElo "2088"]
[BlackElo "2070"]
[PlyCount "88"]
[EventDate "2001.11.06"]
[EventType "team-swiss"]
[EventRounds "9"]
[EventCountry "ESP"]
[SourceTitle "EXT 2002"]
[Source "ChessBase"]
[SourceDate "2001.11.25"]
[SourceVersion "1"]
[SourceVersionDate "2001.11.25"]
[SourceQuality "1"]
[WhiteTeam "Austria (W)"]
[BlackTeam "Finland (W)"]
[WhiteTeamCountry "AUT"]
[BlackTeamCountry "FIN"]

1. d4 Nf6 2. c4 e6 3. Nc3 Bb4 4. Qc2 d5 5. e3 0-0 6. Nf3 b6 7. cxd5 exd5 8. Be2 c5 9. 0-0 c4 10. Ne5 Re8 11. Bf3 Bxc3 12. bxc3 Qc7 13. Re1 Nbd7 14. Ng4 Nxg4 15. Bxg4 Nf6 16. Bxc8 Raxc8 17. f3 Qc6 18. a4 Rb8 19. Ba3 Re6 20. Re2 Qe8 21. Rae1 a5 22. e4 b5 23. exd5 Nxd5 24. Rxe6 fxe6 25. axb5 Qxb5 26. Qe4 Rb6 27. Qh4 Qd7 28. Bc5 Rb3 29. Qg4 Nf6 30. Qxe6+ Qxe6 31. Rxe6 Rxc3 32. Ra6 Rc1+ 33. Kf2 Rc2+ 34. Kf1 Ra2 35. Ra8+ Kf7 36. Ra7+ Ke6 37. Rxg7 c3 38. Re7+ Kd5 39. Re5+ Kc4 40. Bb6 c2 41. Re1 Nd5 42. Bd8 Nb4 43. Bg5 Nd3 44. Re4 Ra1+ 0-1

[Event "AUT-ch (Women)"]
[Site "Mureck"]
[Date "2001.08.12"]
[Round "5"]
[White "Sommer, Sonja"]
[Black "Unger, Eva"]
[Result "1-0"]
[WhiteElo "2043"]
[BlackElo "2177"]
[PlyCount "59"]
[EventDate "2001.08.05"]
[EventType "tourn"]
[EventRounds "11"]
[EventCountry "AUT"]
[SourceTitle "CBM 083 Extra"]
[Source "ChessBase"]
[SourceDate "2001.09.11"]
[SourceVersion "1"]
[SourceVersionDate "2001.09.11"]
[SourceQuality "1"]

1. e4 d6 2. d4 g6 3. Nc3 Bg7 4. Nf3 Nf6 5. Be2 0-0 6. 0-0 c6 7. h3 Nbd7 8. a4 a5 9. Re1 e5 10. Bf1 Nh5 11. Be3 Nb6 12. dxe5 Bh8 13. Qxd6 Qxd6 14. exd6 Nd7 15. Rad1 Rd8 16. g4 Ng7 17. Bc4 Ne6 18. Bxe6 fxe6 19. e5 Rf8 20. Kg2 Nxe5 21. Nxe5 Bxe5 22. d7 Bxd7 23. Rxd7 Rf7 24. Red1 Raf8 25. Rxf7 Rxf7 26. Bh6 Bc7 27. Ne4 Bb6 28. Rd6 e5 29. Re6 Rc7 30. Nd6 1-0